000 00338 a2200169 4500
001 182098
020 _a85-08-04074-1
040 _cMagnum
100 _aAzevedo, Aluísio
240 1 0 _aO cortiço
_lpor
245 1 0 _aO cortiço
300 _a207
362 0 _a1999
440 1 _aÁtica
697 _aLITERATURA GERAL
942 _cBK
999 _c182098
_d182098